00327nam a2200109Ia 4500008004100000245010100041260003200142260000900174300001000183500001100193650001300204170224s9999 xx 000 0 und d aNewsCAP: Navy nurse unwilling to force-feed detainees at Guantanamo Bay resumes military duties. bAmerican Journal of Nursing c2016 a116:8 aAugust xNursing.